000 00572nam a22002057a 4500
003 OSt
005 20140310182022.0
008 130801t xxu||||| |||| 00| 0 eng d
020 _a07099903955
050 _aBJ 1496
_b.Sp745 1989
082 _aTR 152.4
_bSp3 1989
100 _aSpencer, June Graham
_97150
245 _aLets go and live /
_cJune Graham Spencer and Jm Spencer.
260 _aNew York :
_bBallantine Books,
_c1989.
300 _axi. 291 p. ;
_c18 cm.
650 _aEmotions
_95990
700 _aSpencer, Jim
_97151
942 _2lcc
_cBK-TR
999 _c8380
_d8380